000 01304cam a2200337 a 4500
001 12268035
003 OSt
005 20150408113939.0
008 010102s2001 nyua b 001 0 eng
010 _a 2001265983
020 _a0471366749 (alk. paper)
040 _aDLC
_cDLC
_dDLC
043 _an-us---
050 0 0 _aLB1050.455
_b.R84 2001
082 _221
_a372.476
100 1 _aRuddell, Martha Rapp.
_95610
245 1 0 _aTeaching content reading and writing /
_cMartha Rapp Ruddell.
250 _a3rd ed.
260 _aNew York :
_bWiley,
_cc2001.
300 _axv, 463 p. :
_bill. ;
_c25 cm.
440 0 _aWiley education
_95611
504 _aIncludes bibliographical references and index.
650 0 _aContent area reading
_zUnited States.
_95612
650 0 _aLanguage arts
_xCorrelation with content subjects
_zUnited States.
_95613
650 0 _aLiteracy
_zUnited States.
_95614
856 4 2 _3Contributor biographical information
_uhttp://www.loc.gov/catdir/bios/wiley042/2001265983.html
856 4 2 _3Publisher description
_uhttp://www.loc.gov/catdir/description/wiley034/2001265983.html
856 4 _3Table of Contents
_uhttp://www.loc.gov/catdir/toc/onix05/2001265983.html
942 _2ddc
_cBOOK
999 _c17488
_d251988